| Поле | Название | Значение |
| |
Тип записи |
a |
| |
Библиографический уровень |
m |
| 001 |
Контрольный номер |
RU/IS/BASE/466268469 |
| 005 |
Дата корректировки |
20201206204928.7 |
| 010 |
Индекс ISBN |
__ |
| a |
ISBN |
978-5-16-009769-5 (в обл.) |
| 010 |
Индекс ISBN |
__ |
| a |
ISBN |
978-5-16-101181-2 (в обл.) |
| d |
Цена |
499-39 |
| 100 |
Данные общей обработки |
__ |
| a |
Данные общей обработки |
19||||||d2014||||||| 0rusy0189 ca |
| 101 |
Язык документа |
0_ |
| a |
Язык текста |
rus |
| 102 |
Страна публикации |
__ |
| a |
Страна публикации |
ru| |
| 105 |
Кодированные данные (монография) |
__ |
| a |
Кодированные данные (монография) |
y|||zzzz000zy |
| 200 |
Заглавие и сведения об ответственности |
1_ |
| a |
Заглавие |
Ответственность за нарушение финансового законодательства |
| e |
Сведения, относящиеся к заглавию |
научно-практическое пособие |
| f |
Первые сведения об ответственности |
[Поветкина Н. А. и др.] ; под редакцией И. И. Кучерова ; Институт законодательства и сравнительного правоведения при Правительстве Российской Федерации |
| b |
Общее обозначение материала |
Текст |
| 200 |
Заглавие и сведения об ответственности |
__ |
| d |
Параллельное заглавие |
Responsibility for violation of the financial legislation |
| 210 |
Выходные данные |
__ |
| a |
Место издания |
Москва |
| c |
Издательство |
ИНФРА-М |
| d |
Дата издания |
2014 |
| 215 |
Физическое описание |
__ |
| a |
Объем |
224 с. |
| d |
Формат |
21 см |
| 300 |
Общие примечания |
__ |
| a |
Общие примечания |
На тит. с.: Электронно-библиотечная система Znanium.com |
| 300 |
Общие примечания |
__ |
| a |
Общие примечания |
500 экз. |
| 300 |
Общие примечания |
__ |
| a |
Общие примечания |
Авторы указаны на обороте титульного листа |
| 300 |
Общие примечания |
__ |
| a |
Общие примечания |
Параллельный титульный лист на английском языке |
| 330 |
Аннотация |
__ |
| a |
Аннотация |
Научно-практическое пособие посвящено правовому исследованию института ответственности за нарушение финансового законодательства. Проведен анализ понятия и соотношения видов ответственности за нарушение финансового законодательства, определены особенности правового статуса органов, уполномоченных осуществлять производство по делам о нарушениях финансового законодательства, рассмотрена ответственность за нарушение бюджетного, налогового, валютного, банковского и страхового законодательства (публичный аспект). В работе приведены примеры судебной практики, предложены пути решения ряда проблем, возникающих в процессе привлечениях ответственности за нарушение финансового законодательства. Для специалистов в области финансового, административного и уголовного права, научных и практических работников, преподавателей высших юридических учебных заведений, студентов, аспирантов. |
| 606 |
Тематические рубрики |
__ |
| a |
Основная рубрика |
Право |
| 606 |
Тематические рубрики |
__ |
| a |
Основная рубрика |
Финансовое право |
| 610 |
Ключевые слова |
__ |
| a |
Ключевые слова |
финансовые правонарушения |
| 610 |
Ключевые слова |
__ |
| a |
Ключевые слова |
финансовые преступления |
| 610 |
Ключевые слова |
__ |
| a |
Ключевые слова |
административная ответственность |
| a |
Ключевые слова |
банковское законодательство |
| a |
Ключевые слова |
бюджетные правоотношения |
| a |
Ключевые слова |
денежное обращение |
| a |
Ключевые слова |
налоговая ответственность |
| a |
Ключевые слова |
налоговые правонарушения |
| a |
Ключевые слова |
налоговые преступления |
| a |
Ключевые слова |
правовые нормы |
| a |
Ключевые слова |
правонарушения |
| a |
Ключевые слова |
преступления |
| a |
Ключевые слова |
страхование |
| a |
Ключевые слова |
страховые правоотношения |
| a |
Ключевые слова |
уголовная ответственность |
| a |
Ключевые слова |
юридическая ответственность |
| 686 |
Индексы других классификаций |
__ |
| 2 |
Код системы |
rubbks |
| a |
Классификационный индекс |
67.402(2Рос) |
| 701 |
Альтернативная интеллектуальная ответственность |
_1 |
| a |
Фамилия |
Поветкина |
| b |
Имя |
Н. А. |
| g |
Полное личное имя |
Наталья Алексеевна |
| 4 |
Код отношения |
070 |
| 701 |
Альтернативная интеллектуальная ответственность |
_1 |
| a |
Фамилия |
Абросимов |
| b |
Имя |
Р. Е. |
| 4 |
Код отношения |
070 |
| 701 |
Альтернативная интеллектуальная ответственность |
_1 |
| a |
Фамилия |
Акопян |
| b |
Имя |
О. А. |
| 4 |
Код отношения |
070 |
| 701 |
Альтернативная интеллектуальная ответственность |
_1 |
| a |
Фамилия |
Буркавцева |
| b |
Имя |
Я. В. |
| 4 |
Код отношения |
070 |
| 701 |
Альтернативная интеллектуальная ответственность |
_1 |
| a |
Фамилия |
Журавлева |
| b |
Имя |
О. О. |
| 4 |
Код отношения |
070 |
| 701 |
Альтернативная интеллектуальная ответственность |
_1 |
| a |
Фамилия |
Кучеров |
| b |
Имя |
И. И. |
| 4 |
Код отношения |
070 |
| 701 |
Альтернативная интеллектуальная ответственность |
_1 |
| a |
Фамилия |
Соловьев |
| b |
Имя |
И. Н. |
| 4 |
Код отношения |
070 |
| 701 |
Альтернативная интеллектуальная ответственность |
_1 |
| a |
Фамилия |
Токарева |
| b |
Имя |
С. И. |
| 4 |
Код отношения |
070 |
| 701 |
Альтернативная интеллектуальная ответственность |
_1 |
| a |
Фамилия |
Хаванова |
| b |
Имя |
И. А. |
| 4 |
Код отношения |
070 |
| 702 |
Вторичная интеллектуальная ответственность |
_1 |
| a |
Фамилия |
Кучеров |
| b |
Имя |
И. И. |
| 4 |
Код отношения |
Редактор |
| g |
Полное личное имя |
Илья Ильич |
| 4 |
Код отношения |
340 |
| 711 |
Наименование организации. (Альтернативная ответственность) |
__ |
| a |
Организация/ юрисдикция |
Институт законодательства и сравнительного правоведения при Правительстве РФ |
| 801 |
Источник записи |
_0 |
| a |
Страна |
ru |
| b |
Организация |
Муниципальное бюджетное учреждение культуры "Централизованная библиотечная система" г. Сургут (Центральная городская библиотека им. А. С. Пушкина) |
| c |
Дата составления |
20|||||| |
| g |
Правила каталогизации |
КиК/Коробейникова |
| 801 |
Источник записи |
_1 |
| a |
Страна |
ru |
| b |
Организация |
Муниципальное бюджетное учреждение культуры "Централизованная библиотечная система" г. Сургут (Центральная городская библиотека им. А. С. Пушкина) |
| c |
Дата составления |
20|||||| |
| g |
Правила каталогизации |
КиК/Коробейникова |
| 852 |
Данные о местонахождении |
__ |
| j |
Шифр хранения |
67.402(2Рос) |
| i |
Авторский знак |
О-80 |
| 901 |
Тип документа |
1_ |
| t |
Тип документа |
m |
| 903 |
Характеристики (МАРС) |
__ |
| a |
Дата передачи |
20141010 |
| 969 |
Тип издания |
__ |
| a |
Тип издания |
научное издание |
| 990 |
Данные о заказе (DOS) |
__ |
| j |
Количество экземпляров (DOS) |
1 |
| t |
N записи в КСУ для И/У (DOS) |
201410 |